तपस्वी भरत / (Record no. 115177)
[ view plain ]
| 000 -LEADER | |
|---|---|
| fixed length control field | 01056nam a22002777a 4500 |
| 003 - CONTROL NUMBER IDENTIFIER | |
| control field | dpl |
| 005 - DATE AND TIME OF LATEST TRANSACTION | |
| control field | 20180830132706.0 |
| 008 - FIXED-LENGTH DATA ELEMENTS--GENERAL INFORMATION | |
| fixed length control field | 180830b xxu||||| |||| 00| 0 eng d |
| 010 ## - LIBRARY OF CONGRESS CONTROL NUMBER | |
| LC control number | B-183175 |
| 020 ## - INTERNATIONAL STANDARD BOOK NUMBER | |
| Terms of availability | 408.00 |
| 035 ## - SYSTEM CONTROL NUMBER | |
| System control number | B-183175, B-183185 |
| 037 ## - SOURCE OF ACQUISITION | |
| Source of stock number/acquisition | Cen Lib/Ret |
| Stock number | 8190379607 |
| 040 ## - CATALOGING SOURCE | |
| Original cataloging agency | DPL |
| Language of cataloging | HN |
| Transcribing agency | 0 |
| 082 ## - DEWEY DECIMAL CLASSIFICATION NUMBER | |
| Classification number | उ |
| Item number | नागर |
| 100 ## - MAIN ENTRY--PERSONAL NAME | |
| Personal name | नागर, जनार्दनराय |
| 9 (RLIN) | 43083 |
| 245 ## - TITLE STATEMENT | |
| Title | तपस्वी भरत / |
| Statement of responsibility, etc | जनार्दनराय नागर |
| 246 ## - VARYING FORM OF TITLE | |
| Title proper/short title | Tapaswi bharat / |
| Remainder of title | by janardanraye Naagar |
| 260 ## - PUBLICATION, DISTRIBUTION, ETC. (IMPRINT) | |
| Place of publication, distribution, etc | जयपुर |
| Name of publisher, distributor, etc | अरिहंत पब्लिशर्स |
| Date of publication, distribution, etc | 2006 |
| 270 ## - ADDRESS | |
| Address | बकत नगर, टोंक फाटक |
| City | जयपुर |
| 300 ## - PHYSICAL DESCRIPTION | |
| Extent | 307पृ. |
| Dimensions | 19सेमी(सजिल्द ) |
| 650 ## - SUBJECT ADDED ENTRY--TOPICAL TERM | |
| Topical term or geographic name as entry element | हिंदी साहित्य |
| General subdivision | |
| Geographic subdivision | |
| 9 (RLIN) | 60268 |
| 650 ## - SUBJECT ADDED ENTRY--TOPICAL TERM | |
| Topical term or geographic name as entry element | हिंदी उपन्यास |
| 9 (RLIN) | 60269 |
| 650 ## - SUBJECT ADDED ENTRY--TOPICAL TERM | |
| Topical term or geographic name as entry element | Hindi literature |
| Form subdivision | |
| 9 (RLIN) | 60270 |
| 650 ## - SUBJECT ADDED ENTRY--TOPICAL TERM | |
| Topical term or geographic name as entry element | Hindi fiction |
| 9 (RLIN) | 27248 |
| 942 ## - ADDED ENTRY ELEMENTS (KOHA) | |
| Source of classification or shelving scheme | Dewey Decimal Classification |
| Koha item type | Hindi Books |
| Classification part | उ |
| Call number suffix | नागर |
| Withdrawn status | Lost status | Damaged status | Not for loan | Home library | Current library | Date acquired | Source of acquisition | Cost, normal purchase price | Total Checkouts | Full call number | Barcode | Date last seen | Date checked out | Copy number | Cost, replacement price | Price effective from | Koha item type | Source of classification or shelving scheme | Collection code | Shelving location |
|---|---|---|---|---|---|---|---|---|---|---|---|---|---|---|---|---|---|---|---|---|
| Central Library | Central Library | 19/08/2015 | Cen Lib/Ref | 408.00 | 1 | उ नागर | B-183175 | 24/12/2018 | 06/12/2018 | 1 | 408.00 | 19/08/2015 | Hindi Books | |||||||
| Patel Nagar | Patel Nagar | 26/11/2018 | BPPD/PUB | 408.00 | उ नागर | B-183179 | 26/11/2018 | 408.00 | 26/11/2018 | Hindi Books | Dewey Decimal Classification | Fiction | General Stacks | |||||||
| Shahdara Branch | Shahdara Branch | 30/08/2018 | BPPD/PUB | 408.00 | 2 | उ नागर | B-183185 | 14/07/2019 | 30/06/2019 | 408.00 | 30/08/2018 | Hindi Books | Dewey Decimal Classification | Fiction |
